Statistics for Cities in Africa that everybody should know

Click here to take the quiz!

General Stats

  • This quiz has been taken 20 times
  • The average score is 37 of 60

Answer Stats

4Cities% Correct
4Cairo
100%
4Alexandria
95%
4Cape Town
95%
4Tunis
95%
4Algiers
89%
4Brazzaville
89%
4Johannesburg
89%
4Khartoum
89%
4Kinshasa
89%
4Lagos
89%
4Nairobi
89%
4Rabat
89%
4Abuja
84%
4Addis Ababa
84%
4Casablanca
84%
4Harare
84%
4Kampala
84%
4Tripoli
84%
4Antananarivo
79%
4Dar Es Salaam
79%
4Kigali
79%
4Monrovia
79%
4Accra
74%
4Fez
74%
4Freetown
74%
4Luanda
74%
4Conakry
68%
4Durban
68%
4Lusaka
68%
4Mogadishu
68%
4Ouagadougou
68%
4Abidjan
63%
4Dakar
63%
4Djibouti
63%
4Kano
63%
4Marrakesh
63%
4Bamako
58%
4Dodoma
58%
4Maputo
58%
4Mombasa
58%
4N'djamena
58%
4Niamey
58%
4Yaounde
53%
4Benghazi
47%
4Cotonou
42%
4Lome
42%
4Port Elizabeth
42%
4Douala
37%
4Giza
32%
4Lilongwe
32%
4Oran
32%
4Port Sudan
32%
4Gaborone
26%
4Benin City
21%
4Ibadan
21%
4Kumasi
21%
4Blantyre
11%
4Bulawayo
5%
4Livingstone
5%
4Lububmashi
0%

Score Distribution

Percentile by Number Answered

Percent of People with Each Score

Your Score History

You have not taken this quiz